000 00337 a2200157 4500
001 71022
020 _a8504008886
040 _cAnchieta - Itaigara
100 _aPossolo, Hugo
240 1 0 _aO bricabraque
_lpor
245 1 0 _aO bricabraque
300 _a32p.
362 0 _a2005
650 4 _aLiteratura infanto-juvenil
942 _cBK
999 _c71022
_d71022